BUBT Library Online Catalog

Accounting Principles / (Record no. 7045)

000 -LEADER
fixed length control field 00654nam a2200229 a 4500
003 - CONTROL NUMBER IDENTIFIER
control field OSt
005 - DATE AND TIME OF LATEST TRANSACTION
control field 20230517060622.0
008 - FIXED-LENGTH DATA ELEMENTS--GENERAL INFORMATION
fixed length control field 110328s2005 nyua g 000 0 eng d
020 ## - INTERNATIONAL STANDARD BOOK NUMBER
International Standard Book Number 0471479527 :
Terms of availability TK2884.00
040 ## - CATALOGING SOURCE
Original cataloging agency BUBTL
Transcribing agency BUBTL
Modifying agency BUBTL
082 04 - DEWEY DECIMAL CLASSIFICATION NUMBER
Classification number 657
Edition number 19
100 1# - MAIN ENTRY--PERSONAL NAME
Personal name Weygandt, Jerry J.,; Kieso, Donald E.,; Kimmel, Paul D.
9 (RLIN) 5317
245 00 - TITLE STATEMENT
Title Accounting Principles /
Statement of responsibility, etc. Jerry J., Weygandt
250 ## - EDITION STATEMENT
Edition statement 7th ed.
260 ## - PUBLICATION, DISTRIBUTION, ETC. (IMPRINT)
Place of publication, distribution, etc. New york :
Name of publisher, distributor, etc. John Willey and Sons,Inc.,
Date of publication, distribution, etc. 2005.
300 ## - PHYSICAL DESCRIPTION
Extent xxxii, 1120p. :
Other physical details ill. ;
Dimensions 27cm
520 0# - SUMMARY, ETC.
Summary, etc. Business
526 ## - STUDY PROGRAM INFORMATION NOTE
Program name ACC
556 ## - INFORMATION ABOUT DOCUMENTATION NOTE
Information about documentation note 2006\02\22
650 17 - SUBJECT ADDED ENTRY--TOPICAL TERM
Topical term or geographic name as entry element Accounting
Source of heading or term Spines
942 ## - ADDED ENTRY ELEMENTS (KOHA)
Source of classification or shelving scheme
Koha item type Books

No items available.

More Information About Library

Library Hours

  • Open: 9.00 am. to 9.00 pm.
  • Only Sunday: 9.00 am. to 6.00 pm.
  • Closed: Holiday

Contact to the University

Bangladesh University of Business and Technology Library

  • Mirpurl-2, 1216.
  • Phone:
  • Fax:
  • E-Mail: admin.library@bubt.edu.bd

Contact to the Library

Contact Person:

Md. Abdul Hakim Shah
Joint Librarian
PABX No:  113
Cell No: 01816332931
E-mail: official: admin.library@bubt.edu.bd
Personal: hakim.shah@bubt.edu.bd


BUBT Library

Copyright © 2021